Normal view
MARC view
- Selikoff, Scott, Jeanne Boyarsky
Entry Personal Name
001 - CONTROL NUMBER
- control field: 6535
003 - CONTROL NUMBER IDENTIFIER
- control field: JO-AjAnu
005 - DATE AND TIME OF LATEST TRANSACTION
- control field: 20230606071347.0
008 - FIXED-LENGTH DATA ELEMENTS
- fixed length control field: 230606|| aca||aabn | a|a d
040 ## - CATALOGING SOURCE
- Original cataloging agency: JO-AjAnu
- Transcribing agency: JO-AjAnu
100 ## - HEADING--PERSONAL NAME
- Personal name: Selikoff, Scott, Jeanne Boyarsky
670 ## - SOURCE DATA FOUND
- Source citation: Work cat.: (JO-AjAnu)3388: Selikoff, Scott, Jeanne Boyarsky, author, OCP Oracle Certified Professional Java SE 11 Programmer II: Study Guide Exam IZO-816 and IZO-817